Giovanni Gronchi - Statistics

Statistiche generali
  • Questo quiz è stato fatto 5 volte
  • Il punteggio medio è 3 su 6
Statistiche sulle risposte
Anni Carica ricoperta % Corretto
1955-1962 Presidente della Repubblica
100%
1962-1978 Senatore a vita
100%
1948-1955 Presidente della Camera dei deputati
67%
1919-1929 Deputato del Regno d'Italia
33%
1946-1958 Deputato della Repubblica Italiana
0%
1944-1946 Ministro dell'agricoltura, industria e commercio
0%
Nessun quiz corrispondente trovato
Distribuzione punteggi
Percentuale di utenti per punteggio
Percentile per numero di risposta
I tuoi punteggi nel tempo
Non hai fatto questo quiz